Normal view
MARC view
- Martínez Quintana, María Violante
Entry Nombre Personal
001 - NUMERO DE CONTROL
- campo de control: 60150
003 - IDENTIFICADOR DE NUMERO DE CONTROL
- campo de control: UPN
005 - FECHA Y HORA DE LA ÜLTIMA TRANSACCIÓN
- campo de control: 20260629125102.0
008 - DATOS DE LONGITUD FIJA
- campo de control de longitud fija: 260629|| ac|||aabn | a|a d
024 ## - OTROS IDENTIFICADORES NORMALIZADOS
- Fuente: orcid
- Número normalizado o código: https://orcid.org/0000-0001-6208-1318
040 ## - FUENTE DE CATALOGACIÓN
- Agencia original de catalogación: MX-MxUPN
100 1# - ENCABEZAMIENTO - NOMBRE PERSONAL
- Nombre personal: Martínez Quintana, María Violante
370 ## - LUGAR ASOCIADO
- Place of birth: España
371 ## - DIRECCIÓN
- Electronic mail address: vmartin@poli.uned.es
372 ## - CAMPO DE ACTIVIDAD
- Field of activity: Sociología
373 ## - GRUPO ASOCIADO
- Associated group: Universidad Nacional de Educación a Distancia.
374 ## - OCUPACIÓN
- Occupation: Docencia e investigación universitarias
670 ## - FUENTE EN LA QUE SE LOCALIZARON DATOS
- Cita de la fuente: En recurso en línea: REIS, No. 192 (2025)
- Información localizada: (María Violante Martínez Quintana)
- Uniform Resource Identifier: https://reis.cis.es/index.php/reis/article/view/2437
902 ## - CATALOGADOR
- Catalogador: Leonor Sotres/290626
